000 00396nam a2200157Ia 4500
008 210719s2000 xx 000 0 und d
041 _aeng
082 _a915.48704K PRAS
100 _aPRAVASI KAIPIDI
245 _aSundaranadina chendadatana.
260 _aBangalore
_bV Padmanabhan
_c2000
300 _a130
_bPB
365 _cRs
650 _aGeography
906 _aKarnataka Pravasi Kaipidi
999 _c213471
_d213471